| 000 | 01013cam a22003137a 4500 | ||
|---|---|---|---|
| 001 | 16637620 | ||
| 003 | OSt | ||
| 005 | 20140310182300.0 | ||
| 008 | 110204s2010 nyu j 000 1 eng d | ||
| 010 | _a 2010284978 | ||
| 020 | _a9780316123594 (pbk.) | ||
| 035 | _a(OCoLC)ocn606790752 | ||
| 040 |
_aBTCTA _beng _cBTCTA _dMLY _dBKX _dJAG _dM4L _dIUI _dVP@ _dQBX _dDLC |
||
| 042 | _alccopycat | ||
| 050 | 0 | 0 |
_aPZ 7 _b.L9647Gl 2010 |
| 082 | 0 | 0 |
_aFIC _b L78 2010 |
| 100 | 1 |
_aLowell, Sophia. _920572 |
|
| 245 | 1 | 0 |
_aGlee : _bthe beginning / _cby Sophia Lowell. |
| 250 | _a1st ed. | ||
| 260 |
_aNew York : _bPoppy, _c2010. |
||
| 300 |
_a216 p. ; _c21 cm. |
||
| 650 | 0 |
_aHigh school students _vJuvenile fiction. _920573 |
|
| 650 | 0 |
_aChoirs (Music) _vJuvenile fiction. _920574 |
|
| 730 | 0 |
_aGlee (Television program) _920575 |
|
| 906 |
_a7 _bcbc _ccopycat _d2 _encip _f20 _gy-gencatlg |
||
| 942 |
_2lcc _cBK-FIC _eFIC |
||
| 999 |
_c11547 _d11547 |
||